000 01203cam a2200313 4500
001 7330
005 20181127183415.0
008 990401s1999 nyu b 001 0 eng
010 _a 99023276
020 _a0415920477 (pbk.)
020 _a0415920485 (hard)
082 0 0 _a370.11/5
_221
100 _aBurbules, Nicholas C.
_b
_c
_d
_eeditor
_q
245 0 0 _aGlobalization and education :
_bcritical perspectives /
_cedited by Nicholas C. Burbules, Carlos Alberto Torres, eds.
260 _aNew York :
_bRoutledge,
_c2000.
300 _a376 p. ;
_c24 cm.
440 0 _aSocial theory, education, and cultural change
504 _aIncludes bibliographical references and index.
520 _aExplores the increasingly important dimensions of globalization as it affects educational policy and practice in nation-states around the world.
650 0 _aCritical pedagogy.
650 0 _aEducation
_xEconomic aspects.
650 0 _aEducation
_xSocial aspects.
650 0 _aEducation and state.
650 0 _aInternational economic relations.
650 0 _aInternational education.
700 1 _aBurbules, Nicholas C.
700 1 _aTorres, Carlos Alberto.
999 _c6250
_d6250